000 01022nas a2200325 4500
001 BR0800316
003 BR-BrBNA
005 20231205111534.0
007 ta
008 230509b bl.|||p| |||| 00| 00por d
040 _aBR-BrBNA
_bpor
_cBiblioteca Nacional de Agricultura
041 _a(Pt)
072 _aF02
100 1 _aRezende, O.P.
100 1 _aPimentel, L.D.
100 1 _aAlves, T.L.
100 1 _aMorgado, M.A.D.
100 1 _aNeves, L.G.
100 1 _aBruckner, C.H.
245 1 _aEstaquia de maracujá-amarelo ( Passiflora edulis sims f. flavicarpa deg.)em miniestufas constituídas de garrafas de poliestireno, avaliando-se cinco substratos
650 _aMARACUJÁ
650 _aPROPAGAÇÃO VEGETATIVA
650 _aENRAIZAMENTO DE ESTACA
650 _aPOMAR
650 _aPRODUTIVIDADE
650 _aVIÇOSA
773 0 _tRevista Ceres (Brazil)
_xISSN 0034-737X
_g(Mar-Apr 2005), v. 52(300) p. 267-273
_wBR0800316
909 _a202311
_bLúcia
_c55
_dLúcia Elande
942 _2AGRIS
_n0
_cANA
999 _c193233
_d193233